Central Library OPAC University of Rajshahi

Six-place tables : (Record no. 71737)

MARC details
000 -LEADER
fixed length control field 01013nam a2200241 a 4500
001 - CONTROL NUMBER
control field 71737
003 - CONTROL NUMBER IDENTIFIER
rucl marc code BD-RjUL
005 - DATE AND TIME OF LATEST TRANSACTION
control field 20211209082144.0
008 - FIXED-LENGTH DATA ELEMENTS--GENERAL INFORMATION
fixed length control field 830419s1947 xx a 000 0 eng
035 ## - SYSTEM CONTROL NUMBER
System control number (BD-RjUL)71953
040 ## - CATALOGING SOURCE
Original cataloging agency DLC
Transcribing agency CarP
Modifying agency BD-RjUL
Language of cataloging eng
041 ## - LANGUAGE CODE
Language code of text/sound track or separate title eng
082 ## - DEWEY DECIMAL CLASSIFICATION NUMBER
Edition number 23
Classification number 510.212
Author mark and year ALS 1947
100 1# - MAIN ENTRY--PERSONAL NAME
Personal name Allen, Edward Switzer,
Dates associated with a name 1887- [from old catalog]
9 (RLIN) 212237
245 10 - TITLE STATEMENT
Title Six-place tables :
Remainder of title a selection of tables of squares, cubes, square roots, cube roots, fifth roots and powers, circumferences and areas of circles, common logarithms of numbers and of the trigonometric functions, the natural trigonometric functions, natural logarithms, exponential and hyperbolic functions, and intergrals /
Statement of responsibility, etc. Edward Switzer Allen
250 ## - EDITION STATEMENT
Edition statement 7th ed.
260 ## - PUBLICATION, DISTRIBUTION, ETC. (IMPRINT)
Place of publication, distribution, etc. London :
Name of publisher, distributor, etc. McGraw-Hill book company, inc.,
Date of publication, distribution, etc. 1947.
300 ## - PHYSICAL DESCRIPTION
Pagination xxiii, 232 p. :
Illustrations ill. ;
Size 18 cm.
650 #0 - SUBJECT ADDED ENTRY--TOPICAL TERM
Topical term or geographic name as entry element Mathematics
Form subdivision Tables.
9 (RLIN) 212238
Topical term or geographic name as entry element Logarithms.
9 (RLIN) 212239
942 ## - ADDED ENTRY ELEMENTS (KOHA)
Source of classification or shelving scheme Dewey Decimal Classification
Koha item type Books
Holdings
Lost status Source of classification or shelving scheme Damaged status Not for loan Collection code Permanent Location Current Location Shelving location Date acquired Source of acquisition Cost, normal purchase price Total Checkouts Full call number Date last seen Copy number Koha item type
  Dewey Decimal Classification   Not For Loan Non-fiction Central Library, University of Rajshahi Central Library, University of Rajshahi Reading Room 27/07/1959 Mc Grow Hill 3.15   510.212 ALS 1947 07/05/2017 C-1 Books